Nommez les équipes de football des Pays-Bas avec la ville - Eredivisie - Statistiques

Statistiques générales
  • Ce quiz a été pris 118 fois
  • Le résultat moyen est 12 sur 36
Statistiques - réponses
Hint Réponse % Correct
Ajax
99%
Amsterdam
88%
Équipes PSV
85%
Feyenoord
80%
Rotterdam
79%
Rotterdam
79%
Rotterdam
79%
Villes Eindhoven
64%
AZ
50%
Sparta
50%
Alkmaar
44%
Utrecht
40%
Vitesse
36%
FC Twente
23%
Heracles
23%
NEC
23%
Arnhem
22%
Excelsior
20%
FC Utrecht
20%
Heerenveen
20%
Heerenveen
20%
Zwolle
19%
Fortuna Sittard
18%
Volendam
18%
Volendam
18%
Almere
15%
Almelo
14%
Sittard
14%
Waalwijk
14%
Go Ahead Eagles
13%
Nijmegen
13%
RKC
9%
Enschede
8%
Deventer
4%
FC Zwolle
4%
FC Omniworld
3%
Aucun quiz correspondant
Distribution des résultats
% des personnes avec chaque résultat
Percentile par nombre de réponses
Votre historique - résultats
Vous n’avez pas pris ce quiz